Belgium Province Flag Quiz - Statistics

General Stats
  • This quiz has been taken 40 times
  • The average score is 8 of 11
Answer Stats
Picture Answer % Correct
Brussels
83%
Antwerp
80%
Luxembourg
77%
East Flanders
73%
Liège
67%
Limburg
67%
West Flanders
67%
Walloon Brabant
63%
Flemish Brabant
60%
Hainaut
60%
Namur
60%
No matching quizzes found
Score Distribution
Percent of People with Each Score
Percentile by Number Answered
Your Score History
You have not taken this quiz